[Event "FRA-ch U14 Girls"]
[Site "Hyeres"]
[Date "2019.04.20"]
[Round "8"]
[White "David, Marie"]
[Black "Marcellier, Lucie"]
[Result "1/2-1/2"]
[WhiteElo "1524"]
[BlackElo "1646"]
[PlyCount "154"]
[EventDate "2019.04.14"]
[EventType "swiss"]
[EventRounds "9"]
[EventCountry "FRA"]
[SourceTitle "CBM 190 Extra"]
[Source "ChessBase"]
[SourceDate "2019.07.15"]
[SourceVersion "1"]
[SourceVersionDate "2019.07.15"]
[SourceQuality "1"]

1. d4 c5 2. e3 d5 3. c3 Nf6 4. Bd3 Nc6 5. f4 g6 6. Nd2 b6 7. Ngf3 Bg7 8. Ne5 Nxe5 9. fxe5 Nd7 10. Qf3 e6 11. 0-0 0-0 12. Qh3 Qe7 13. Nf3 f6 14. exf6 Nxf6 15. Ne5 Nd7 16. Rxf8+ Bxf8 17. Nxd7 Bxd7 18. Qf3 Bg7 19. Bd2 Rf8 20. Qg3 e5 21. Re1 Qd8 22. dxe5 Qc7 23. e4 Bxe5 24. Qg5 Bxh2+ 25. Kh1 Bg3 26. Qxd5+ Kh8 27. Rc1 Bc6 28. Qe6 Qd8 29. Bh6 Re8 30. Qxc6 Qh4+ 31. Kg1 Rg8 32. Kf1 Qxh6 33. Qf6+ Qg7 34. Qxg7+ Kxg7 35. Ke2 Rf8 36. Rf1 Rxf1 37. Kxf1 Kf6 38. Ke2 Ke5 39. Kf3 Bf4 40. Bc4 Bc1 41. Bg8 h6 42. Bh7 Kf6 43. Bg8 Bxb2 44. c4 a6 45. a4 Ke5 46. Bd5 Kd4 47. Kf4 Bc1+ 48. Kg4 Ke5 49. Kf3 g5 50. Kg4 Bd2 51. Kh5 Kd4 52. Kxh6 g4+ 53. Kh5 g3 54. Kg4 Ke5 55. Kxg3 Bf4+ 56. Kf3 Bh6 57. g3 Bg5 58. Kg4 Be7 59. Kh5 Bd8 60. Bb7 a5 61. Bd5 Be7 62. Kg6 Bd8 63. Kf7 Bg5 64. Ke8 Kd6 65. e5+ Kxe5 66. Kd7 Kd4 67. Kc7 Bd2 68. Kxb6 Bb4 69. g4 Ke5 70. Kc6 Kf6 71. Be4 Kg5 72. Bf5 Kf6 73. Kd5 Kg5 74. Ke5 Bc3+ 75. Kd5 Bb4 76. Ke6 Bc3 77. Kd5 Bb4 1/2-1/2

[Event "FRA-ch U14 Girls"]
[Site "Hyeres"]
[Date "2019.04.16"]
[Round "4"]
[White "Kuhn, Mathilde"]
[Black "David, Marie"]
[Result "1-0"]
[WhiteElo "1608"]
[BlackElo "1524"]
[PlyCount "63"]
[EventDate "2019.04.14"]
[EventType "swiss"]
[EventRounds "9"]
[EventCountry "FRA"]
[SourceTitle "CBM 190 Extra"]
[Source "ChessBase"]
[SourceDate "2019.07.15"]
[SourceVersion "1"]
[SourceVersionDate "2019.07.15"]
[SourceQuality "1"]

1. d4 d5 2. Nf3 e6 3. e3 c6 4. Bd3 Bd6 5. 0-0 f5 6. c4 Nf6 7. Nc3 0-0 8. Qc2 Ne4 9. cxd5 exd5 10. Ne5 Qe7 11. f4 Be6 12. Bd2 Nd7 13. a3 Rf6 14. b4 a6 15. Na4 Rh6 16. Be1 b5 17. Nxc6 Qe8 18. Bxe4 fxe4 19. Nc3 Qh5 20. Bg3 Rc8 21. Ne5 Bxe5 22. dxe5 Bf7 23. Rac1 Rhc6 24. Qd2 Nb6 25. Qd4 Nc4 26. Nxd5 Nxe3 27. Rxc6 Rxc6 28. Ne7+ Kf8 29. Qd8+ Be8 30. Nxc6 Qe2 31. Qe7+ Kg8 32. Qxe8# 1-0

[Event "FRA-ch U12 Girls"]
[Site "Gonfreville"]
[Date "2016.??.??"]
[Round "2"]
[White "Tomasi, Elise"]
[Black "David, Marie"]
[Result "1-0"]
[WhiteElo "1609"]
[BlackElo "1131"]
[PlyCount "47"]
[EventDate "2016.04.22"]
[EventType "swiss"]
[EventRounds "9"]
[EventCountry "FRA"]
[SourceTitle "EXT 2019"]
[Source "ChessBase"]
[SourceDate "2018.10.10"]
[SourceVersion "1"]
[SourceVersionDate "2018.10.10"]
[SourceQuality "1"]

1. e4 c6 2. d4 d5 3. exd5 cxd5 4. c4 e6 5. Bd3 Nc6 6. Nf3 Bd6 7. 0-0 f5 8. Re1 Nge7 9. cxd5 exd5 10. Nc3 0-0 11. a3 a6 12. Qb3 Bc7 13. Nxd5 Nxd5 14. Bc4 Nce7 15. Rxe7 Qxe7 16. Bxd5+ Kh8 17. Bg5 Qd6 18. Re1 Rb8 19. Be7 Qh6 20. Bxf8 Bd7 21. Be7 b5 22. Bg5 Qh5 23. Bf7 g6 24. Bf6# 1-0